<?xml version="1.0" encoding="UTF-8"?>
<record
    xmlns:xsi="http://www.w3.org/2001/XMLSchema-instance"
    xsi:schemaLocation="http://www.loc.gov/MARC21/slim http://www.loc.gov/standards/marcxml/schema/MARC21slim.xsd"
    xmlns="http://www.loc.gov/MARC21/slim">

  <leader>01136nas a22001937a 4500</leader>
  <datafield tag="999" ind1=" " ind2=" ">
    <subfield code="c">1275</subfield>
    <subfield code="d">1275</subfield>
  </datafield>
  <controlfield tag="008">130315t20009999bl ||||| |||| 00| 0 eng d</controlfield>
  <datafield tag="022" ind1=" " ind2=" ">
    <subfield code="a">0036-4665</subfield>
  </datafield>
  <datafield tag="245" ind1=" " ind2=" ">
    <subfield code="a">Revista do Instituto de Medicina Tropical de  S&#xE3;o Paulo</subfield>
  </datafield>
  <datafield tag="260" ind1=" " ind2=" ">
    <subfield code="a"> S&#xE3;o Paulo,</subfield>
    <subfield code="b">Universidade de S&#xE3;o Paulo, Faculdade de Medicina, Instituto de Medicina Tropical de S&#xE3;o Paulo:</subfield>
    <subfield code="c">2000</subfield>
  </datafield>
  <datafield tag="300" ind1=" " ind2=" ">
    <subfield code="a">v. :</subfield>
  </datafield>
  <datafield tag="310" ind1=" " ind2=" ">
    <subfield code="a">bimestral</subfield>
  </datafield>
  <datafield tag="546" ind1=" " ind2=" ">
    <subfield code="a">ingl&#xE9;s</subfield>
  </datafield>
  <datafield tag="590" ind1=" " ind2=" ">
    <subfield code="a">Biological Abstracts, Current Contents: Life Sciences, Directory of Open Access Journals (DOAJ), Index Medicus, I N I S Atomindex (International Nuclear Information System), Latindex, LILACS, Peri&#xF3;dica (Indice de Revistas Latinoamericanas en Ciencias), Protozoological Abstracts, Review of Medical and Veterinary Mycology, SciELO, Science Citation Index Expanded, Scopus, Tropical Diseases Bulletin, Zoological Record</subfield>
  </datafield>
  <datafield tag="590" ind1=" " ind2=" ">
    <subfield code="a">Existencias: 2000 42(1,2,6); 2002 44(supl XII)
BAJA DEPOSITO (CAJA 20) MAYO 2019</subfield>
  </datafield>
  <datafield tag="650" ind1=" " ind2=" ">
    <subfield code="a">MICROBIOLOGIA</subfield>
    <subfield code="9">1991</subfield>
  </datafield>
  <datafield tag="650" ind1=" " ind2=" ">
    <subfield code="a">MEDICINA INTERNA</subfield>
    <subfield code="9">1738</subfield>
  </datafield>
  <datafield tag="856" ind1=" " ind2=" ">
    <subfield code="u">http://www.scielo.br/scielo.php?script=sci_serial&amp;pid=0036-4665&amp;lng=en&amp;nrm=iso</subfield>
  </datafield>
  <datafield tag="942" ind1=" " ind2=" ">
    <subfield code="2">ddc</subfield>
    <subfield code="c">CR</subfield>
  </datafield>
</record>
